Industrial guide Indonesia 2007/08.
| Format: | Book |
|---|---|
| Published: |
Jakarta:
PT Orange Media Indonesia,
2007.
|
| Subjects: |
| LEADER | 00502cam a2200157 7i4500 | ||
|---|---|---|---|
| 001 | 0000020905 | ||
| 005 | 20080321090000.0 | ||
| 022 | 0 | 0 | |a 1978-2357 |
| 090 | 0 | 0 | |a INDO 338.7025 |b IND |
| 245 | 0 | 0 | |a Industrial guide Indonesia 2007/08. |
| 260 | 0 | 0 | |a Jakarta: |b PT Orange Media Indonesia, |c 2007. |
| 300 | # | # | |a 384 p. |
| 650 | 0 | 0 | |a Business -- |x Directories -- |z Indonesia |
| 650 | 0 | 0 | |a Investment -- |x Directories -- |z Indonesia |
| 651 | 0 | 0 | |a Indonesia |
| 999 | |a 0000021560 |b Directories |c Countries |e Business Information Centre | ||